000 00398nam a22001577a 4500
005 20250204105511.0
008 241127b |||||||| |||| 00| 0 eng d
020 _a978-93-5138-042-9
041 _aeng
100 _aPrasad B
_9109039
245 _aEnglish Literature
250 _aRevised Edi.
260 _aNew Delhi
_bTriunity Press, Laxmi Publication
_c2025
300 _a284p
942 _cBK
999 _c362237
_d362237